| 000 | 00719nam a22002177a 4500 | ||
|---|---|---|---|
| 999 |
_c8639 _d8639 |
||
| 001 | 8639 | ||
| 003 | BD-JhCC | ||
| 005 | 20180717101912.0 | ||
| 008 | 180228b2001 ben||||| |||| 00| 0 ben d | ||
| 035 | _a(BD-JhCC)8639 | ||
| 040 |
_aBD-JhCC _dBD-JhCC |
||
| 041 | _aben | ||
| 082 |
_a589.3 _bAJA 2001 |
||
| 100 | _aআজাদ, মুহাম্মদ আবুল কালাম | ||
| 245 |
_aশৈবালবিজ্ঞান (দ্বিতীয় খন্ড) / _c মুহাম্মদ আবুল কালাম আজাদ |
||
| 260 |
_aঢাকাঃ _bবাংলা একাডেমী _c2001. |
||
| 300 |
_a290 p. : _c23 cm. |
||
| 650 | _aPhycology | ||
| 942 |
_2ddc _cBK |
||